Countries that Colonized Africa - Statistics

General Stats
  • This quiz has been taken 54 times
  • The average score is 8 of 8
Answer Stats
Hint Answer % Correct
France
100%
Spain
100%
Uk
100%
Italy
98%
Germany
96%
Belguim
94%
Portugal
92%
Technically Liberia USA
84%
No matching quizzes found
Score Distribution
Percent of People with Each Score
Percentile by Number Answered
Your Score History
You have not taken this quiz